Tổ chức và quản trị công ty /
Gespeichert in:
| 1. Verfasser: | |
|---|---|
| Weitere Verfasser: | |
| Format: | Sách giấy |
| Sprache: | Vietnamese |
| Veröffentlicht: |
Hà Nội :
Thống kê ,
1995
|
| Tags: |
Tag hinzufügen
Keine Tags, Fügen Sie den ersten Tag hinzu!
|
| Thư viện lưu trữ: | Thư viện Trường Đại học Đà Lạt |
|---|
| LEADER | 00669nam a2200265 4500 | ||
|---|---|---|---|
| 001 | DLU020015642 | ||
| 005 | ##9/12/2000 | ||
| 020 | # | # | |a 978- |
| 041 | # | # | |a vie |
| 082 | # | # | |a 658.1 |b VU-K |
| 090 | # | # | |a 658.1 |b VU-K |
| 100 | # | # | |a Vũ Trọng Khải |
| 245 | # | # | |a Tổ chức và quản trị công ty / |c Vũ Trọng Khải, Vũ Trọng Khải, Lâm Ngọc Điệp |
| 260 | # | # | |a Hà Nội : |b Thống kê , |c 1995 |
| 300 | # | # | |a 333 tr.; |c 20 cm. |
| 700 | # | # | |a Lâm Ngọc Điệp |
| 992 | # | # | |a 28000 |
| 994 | # | # | |a DLU |
| 900 | # | # | |a False |
| 911 | # | # | |a Administrator |
| 925 | # | # | |a G |
| 926 | # | # | |a A |
| 927 | # | # | |a SH |
| 980 | # | # | |a Thư viện Trường Đại học Đà Lạt |